3 acteurs, 1 personnage - Statistiques

Statistiques générales
  • Ce quiz a été pris 342 fois
  • Le résultat moyen est 6 sur 10
Statistiques - réponses
Acteurs Personnage % Correct
Jack Nicholson, Heath Ledger, Joaquin Phoenix Joker
94%
Tobey Maguire, Andrew Garfield, Tom Holland Spiderman
89%
Sean Connery, Roger Moore, Pierce Brosnan James Bond
73%
Michael Keaton, Val Kilmer, Ben Affleck Batman
72%
Christopher Reeve, Henry Cavill, David Corenswet Superman
71%
Gene Wilder, Johnny Depp, Timothée Chalamet Willy Wonka
69%
Michelle Pfeiffer, Halle Berry, Anne Hathaway Catwoman
55%
Betty Lou Gerson, Glenn Close, Emma Stone Cruella
29%
Jessica Alba, Kate Mara, Vanessa Kirby Femme Invisible
18%
Rosemary Harris, Sally Field, Marisa Tomei May Parker
17%
Aucun quiz correspondant
Distribution des résultats
% des personnes avec chaque résultat
Percentile par nombre de réponses
Votre historique - résultats
Vous n’avez pas pris ce quiz